000
00260nam a22001097a 4500
008
170105b xxu||||| |||| 00| 0 eng d
020
_a
9789780323035
041
_a
eng
080
_2
6TH
_a
618.2
245
_a
NURSING CARE PLANS
_c
GULANICK & MYERS
942
_2
udc
_c
BK
999
_c
2564
_d
2564